Developing the occupied territories (Registro nro. 161895)

Detalles MARC
000 -ENCABEZADO
Número de control [NR] 01788cam a22004454a 4500
003 - IDENTIFICADOR DE CONTROL NÚMERO
control field The World Bank
005 - FECHA Y HORA DE LA ÚLTIMA TRANSACCIÓN
control field 20140910090234.0
006 - DE LONGITUD FIJA DE DATOS ELEMENTOS - CARACTERÍSTICAS ADICIONALES DEL MATERIAL - INFORMACIÓN GENERAL
fixed length control field m d
007 - CAMPO DESCRIPCIÓN FÍSICA FIJA - INFORMACIÓN GENERAL
fixed length control field cr cn|||||||||
008 - DE LONGITUD FIJA DE DATOS DE ELEMENTOS - INFORMACIÓN GENERAL
Elementos de longitud fija [NR] 940222m19939999dcuab b 000 0 eng d
010 ## - NUMERO DE CONTROL DE LA BIBLIOTECA DEL CONGRESO (LC) [NR]
Número de control LC [NR] 94121479
020 ## - NUMERO INTERNACIONAL NORMALIZADO PARA LIBROS [R]
Número Internacional Normalizado del libro [NR] 0821326880 (v. 1)
020 ## - NUMERO INTERNACIONAL NORMALIZADO PARA LIBROS [R]
Número Internacional Normalizado del libro [NR] 0821326899 (v. 2)
020 ## - NUMERO INTERNACIONAL NORMALIZADO PARA LIBROS [R]
Número Internacional Normalizado del libro [NR] 0821326945 (set)
035 ## - NUMERO DE CONTROL DEL SISTEMA [R]
Número de control del sistema [NR] (The World Bank)28996810
035 ## - NUMERO DE CONTROL DEL SISTEMA [R]
Número de control del sistema [NR] (The World Bank)94121479
040 ## - FUENTE DE CATALOGACION [NR]
Agencia de catalogación original [NR] DJBF
Quien Cataloga
Quien Clasifica
042 ## - CODIGO DE AUTENTICACION [NR]
Código de autenticación [R] lccopycat
043 ## - CODIGO DE AREA GEOGRAFICA [NR]
Código de área geográfica [R] awba---
-- awgz---
050 00 - SIGNATURA TOPOGRAFICA DE LA BIBLIOTECA DEL CONGRESO (LC) [R]
Número clasificador [R] HC415.25.Z7
Número del ítem [NR] W4724 1993
082 00 - NUMERO DE CLASIFICACION DECIMAL DEWEY [R]
Número de clasificación [R] 338.95694
Número de la edición [NR] 20
245 00 - MENCION DE TITULO [NR]
Título [NR] Developing the occupied territories
Medio físico [NR] recurso electrónico
Parte restante del título [NR] an investment in peace.
260 ## - PUBLICACION, DISTRIBUCION, ETC. (PIE DE IMPRENTA) [R]
Lugar de publicación, distribución, etc. [R] Washington, D.C. bWorld Bankcc<1993 >-
Nombre del editor, distribuidor, etc. [R] xx
Fecha de publicación, distribución, etc. [R] xx
300 ## - DESCRIPCION FISICA [R]
Extensión [R] v. <2-6 > bill., folded maps c28 cm.
500 ## - NOTA GENERAL [R]
Nota general [NR] "September 1993."
500 ## - NOTA GENERAL [R]
Nota general [NR] Results of a World Bank mission to the occupied territories during the period January 21-February 24, 1993.
505 0# - NOTA DE CONTENIDO CON FORMATO PREESTABLECIDO [R]
Nota de contenido con formato preestablecido [NR] v. 2. The economy -- v. 3. Private sector development -- v. 4. Agriculture -- v. 5. Infrastructure -- v. 6. Human resources and social policy.
651 #0 - ASIENTO SECUNDARIO DE MATERIA - NOMBRE GEOGRAFICO [R]
Nombre geográfico [NR] Gaza Strip
Subdivisión general [R] Economic conditions.
9 (RLIN) 31227
651 #0 - ASIENTO SECUNDARIO DE MATERIA - NOMBRE GEOGRAFICO [R]
Nombre geográfico [NR] Gaza Strip
Subdivisión general [R] Economic policy.
9 (RLIN) 31228
651 #0 - ASIENTO SECUNDARIO DE MATERIA - NOMBRE GEOGRAFICO [R]
Nombre geográfico [NR] Gaza Strip
Subdivisión general [R] Social policy.
9 (RLIN) 31229
651 #0 - ASIENTO SECUNDARIO DE MATERIA - NOMBRE GEOGRAFICO [R]
Nombre geográfico [NR] West Bank
Subdivisión general [R] Economic conditions.
9 (RLIN) 31230
651 #0 - ASIENTO SECUNDARIO DE MATERIA - NOMBRE GEOGRAFICO [R]
Nombre geográfico [NR] West Bank
Subdivisión general [R] Economic policy.
9 (RLIN) 31231
651 #0 - ASIENTO SECUNDARIO DE MATERIA - NOMBRE GEOGRAFICO [R]
Nombre geográfico [NR] West Bank
Subdivisión general [R] Social policy.
9 (RLIN) 31232
710 2# - ASIENTO SECUNDARIO - NOMBRE CORPORATIVO [R]
Nombre corporativo o de jurisdicción como elemento de entrada [NR] World Bank.
9 (RLIN) 4764
773 0# - ASIENTO DEL ITEM FUENTE [R]
Lugar, editorial y fecha de publicación [NR] xx xx xx
Otro identificador del ítem [R] worldbank
Título [NR] World Bank
776 08 - ASIENTO DE SOPORTE FISICO ADICIONAL [R]
Asiento principal [NR] Print Versionz9780821326886
830 #0 - ASIENTO SECUNDARIO DE SERIE--TITULO UNIFORME [R]
Título uniforme [NR] World Bank e-Library.
9 (RLIN) 31233
856 40 - LOCALIZACION Y ACCESO ELECTRONICOS [R]
Identificador Uniforme del Recurso (“URI”) [R] <a href="http://ez.urosario.edu.co/login?url=http://elibrary.worldbank.org/content/book/9780821326886">http://ez.urosario.edu.co/login?url=http://elibrary.worldbank.org/content/book/9780821326886</a>
942 ## - ELEMENTOS DE ENTRADA AGREGADOS (KOHA)
Tipo de ítem principal el descrito en 300a Recurso electrónico
Prefijo de la signatura top. (colección)
Sistema de clasificación DEWEY
Clasificación 338.95694

No hay ítems disponibles.